[Event "BEL-ch op"]
[Site "Westerlo"]
[Date "2010.07.10"]
[Round "8"]
[White "Watelet, Sylvain"]
[Black "Logie, Dimitri"]
[Result "1/2-1/2"]
[WhiteElo "1855"]
[BlackElo "2027"]
[PlyCount "81"]
[EventDate "2010.07.03"]
[EventType "swiss"]
[EventRounds "9"]
[EventCountry "BEL"]
[SourceTitle "CBM 137 Extra"]
[Source "ChessBase"]
[SourceDate "2010.09.01"]
[SourceVersion "1"]
[SourceVersionDate "2010.09.01"]
[SourceQuality "1"]

1. e4 d5 2. exd5 Qxd5 3. Nc3 Qa5 4. d4 Nf6 5. Nf3 c6 6. Bc4 Bf5 7. Bd2 e6 8. Nd5 Qd8 9. Ne3 Bg6 10. 0-0 Nbd7 11. Bb3 Qc7 12. Nc4 Bh5 13. Re1 Be7 14. Bg5 Rd8 15. Bh4 b5 16. Bg3 Qb7 17. Ncd2 0-0 18. c3 c5 19. Qc1 Rc8 20. Bd1 Rfd8 21. Nb3 cxd4 22. Nfxd4 b4 23. Bxh5 Nxh5 24. c4 Nxg3 25. hxg3 Nb6 26. Na5 Qd7 27. Rd1 Bf6 28. Ndc6 Qxd1+ 29. Qxd1 Rxd1+ 30. Rxd1 Nxc4 31. Nxa7 Nxb2 32. Nxc8 Nxd1 33. Nc6 Bc3 34. Kf1 Kf8 35. Nd6 Nb2 36. Ke2 Na4 37. Kd3 Nb6 38. Ne4 Nd5 39. Nxc3 bxc3 40. a3 Ke8 41. Nb4 1/2-1/2

[Event "Hainaut-ch"]
[Site "Manage"]
[Date "2008.08.23"]
[Round "7.11"]
[White "Ponnet, Geerard"]
[Black "Watelet, Sylvain"]
[Result "0-1"]
[WhiteElo "1512"]
[BlackElo "1769"]
[PlyCount "34"]
[EventDate "2008.08.23"]
[EventType "swiss"]
[EventRounds "9"]
[EventCountry "BEL"]
[SourceTitle "EXT 2024"]
[Source "ChessBase"]
[SourceDate "2023.10.10"]
[SourceVersion "1"]
[SourceVersionDate "2023.10.10"]
[SourceQuality "1"]

1. c4 Nf6 2. d4 e5 3. d5 Bc5 4. Bg5 Ne4 5. Be3 Bxe3 6. fxe3 Qh4+ 7. g3 Nxg3 8. Nf3 Qh6 9. Rg1 Nxf1 10. Kxf1 d6 11. Qd3 Bh3+ 12. Kf2 Nd7 13. Nbd2 f5 14. e4 Nc5 15. Qc2 fxe4 16. Nxe4 Nxe4+ 17. Qxe4 0-0-0 0-1

[Event "BEL FEFB-ch op"]
[Site "Manage"]
[Date "2008.05.03"]
[Round "3"]
[White "Watelet, Sylvain"]
[Black "Gullentops, Nathan"]
[Result "1/2-1/2"]
[WhiteElo "1872"]
[BlackElo "1582"]
[PlyCount "91"]
[EventDate "2008.05.01"]
[EventType "swiss"]
[EventRounds "7"]
[EventCountry "BEL"]
[SourceTitle "EXT 2019"]
[Source "ChessBase"]
[SourceDate "2018.10.10"]
[SourceVersion "1"]
[SourceVersionDate "2018.10.10"]
[SourceQuality "1"]

1. e4 e5 2. Nf3 d6 3. d4 exd4 4. Nxd4 Nf6 5. Nc3 Be7 6. Bc4 0-0 7. f3 c6 8. Be3 d5 9. exd5 cxd5 10. Bb3 Bb4 11. Qd2 Nc6 12. a3 Qa5 13. 0-0 Bxc3 14. Qxc3 Qxc3 15. bxc3 h6 16. Rfd1 a6 17. Ne2 Re8 18. Kf2 Be6 19. Nf4 Rad8 20. Bd4 Nxd4 21. Rxd4 Rc8 22. Nxe6 Rxe6 23. Bxd5 Nxd5 24. Rxd5 Rxc3 25. Ra2 Rec6 26. Rd2 Kf8 27. Kg3 b5 28. Re2 R6c4 29. Kf2 f5 30. Rd2 Ra4 31. Rd3 Rxd3 32. cxd3 b4 33. Rb2 bxa3 34. Ra2 Ke7 35. Ke3 Kd6 36. Kd2 Kd5 37. Kc3 g5 38. Kb3 Ra5 39. Kb4 Rb5+ 40. Kc3 Rb2 41. Rxa3 Rxg2 42. Ra5+ Ke6 43. Rxa6+ Ke5 44. Rxh6 Kf4 45. Rh3 Rg1 46. Kd4 1/2-1/2

[Event "Charleroi op 4th"]
[Site "Charleroi"]
[Date "2005.08.02"]
[Round "5"]
[White "Jassem, Philippe"]
[Black "Watelet, Sylvain"]
[Result "1-0"]
[WhiteElo "1648"]
[BlackElo "1150"]
[PlyCount "113"]
[EventDate "2005.07.30"]
[EventType "swiss"]
[EventRounds "9"]
[EventCountry "BEL"]
[SourceTitle "EXT 2006"]
[Source "ChessBase"]
[SourceDate "2005.11.24"]
[SourceVersion "1"]
[SourceVersionDate "2005.11.24"]
[SourceQuality "1"]

1. e4 e5 2. Nf3 Nc6 3. d4 exd4 4. Nxd4 Nf6 5. Nxc6 bxc6 6. e5 Ng8 7. Bc4 Bc5 8. Qf3 Qe7 9. 0-0 Nh6 10. Bxh6 gxh6 11. e6 fxe6 12. Qh5+ Qf7 13. Qxc5 Bb7 14. Re1 a6 15. Nd2 0-0-0 16. Qa7 d5 17. Bxa6 Bxa6 18. Qxa6+ Kd7 19. Qd3 Rb8 20. Nf3 Kd6 21. Qa3+ c5 22. Qa6+ Rb6 23. Qe2 Qf6 24. c3 Rbb8 25. Qe5+ Qxe5 26. Nxe5 Rhf8 27. Re2 Rf5 28. Rae1 h5 29. Nf3 Re8 30. b4 cxb4 31. cxb4 h6 32. Nd4 Rf6 33. a4 e5 34. Nb5+ Kc6 35. Rc1+ Kb6 36. Nxc7 Rd8 37. Rxe5 Rfd6 38. a5+ Kb7 39. a6+ Kb6 40. a7 Kb7 41. a8Q+ Rxa8 42. Nxa8 Kxa8 43. b5 h4 44. Rc6 Rd7 45. Rxh6 d4 46. Kf1 d3 47. Ke1 d2+ 48. Kd1 Kb7 49. Reh5 Kb8 50. Rh8+ Kb7 51. R8h7 Rxh7 52. Rxh7+ Kb6 53. Rh5 h3 54. Rxh3 Kxb5 55. Rd3 Kc4 56. Rxd2 Kc3 57. h4 1-0